00640nam a2200229 a 4500001001300000003000900013005001700022008004100039020001000080082001700090100002100107245002000128260003300148300000900181500003500190650001700225700002100242902000800263942000700271952011700278999001500395nice12345678IN_TiNIC20260116011537.0070824s0000 laha grp 000 0 urd  ac10000a297.124bBAK aBakr Abi, Md Bin aAzfooribHadith aLahore bNo Publisher c0000 a160p aincludes index and biblioraphy aIslam-Hadith1 aBakr Abi, Md Bin bSRS cBK 001040708StackRoom-aHMIbHMId2007-08-24g100.00l0o297.124 BAKp04401r2007-08-24v100.00w2007-08-24yBK c2478d2478